| 000 | 00609nam a2200205 a 4500 | ||
|---|---|---|---|
| 999 |
_c5220 _d5220 |
||
| 005 | 20180312141441.0 | ||
| 008 | 140127b2005 ck ||||| |||| 00| 0 spa d | ||
| 040 |
_aCO-BoIAVH _cCO-BoIAVH |
||
| 041 | _aspa | ||
| 044 | _ack | ||
| 090 |
_aIAVH _b0068 |
||
| 100 | _aMaldonado Ocampo, Javier Alejandro | ||
| 245 | _aPeces de los andes de Colombia | ||
| 260 |
_aBogotá _bInstituto de Investigación de Recursos Biológicos Alexander von Humboldt _c2005 |
||
| 300 | _aPlegable | ||
| 650 | 1 | 4 |
_aPeces _xDescripción |
| 650 | 1 | 4 | _aFotografias |
| 942 |
_cFolleto _2z _02 |
||
| 945 | _d2006-02-07 | ||